[Event "GER-ch U12"]
[Site "Willingen"]
[Date "2007.05.29"]
[Round "6"]
[White "Guenthner, Arthur"]
[Black "Wander, Tatjana"]
[Result "1-0"]
[WhiteElo "1698"]
[BlackElo "1021"]
[PlyCount "51"]
[EventDate "2007.05.26"]
[EventType "swiss"]
[EventRounds "11"]
[EventCountry "GER"]
[SourceTitle "CBM 118 Extra"]
[Source "ChessBase"]
[SourceDate "2007.07.04"]
[SourceVersion "1"]
[SourceVersionDate "2007.07.04"]
[SourceQuality "1"]

1. d4 d5 2. c4 e6 3. Nc3 Nf6 4. cxd5 exd5 5. Bg5 Be7 6. e3 Bf5 7. Qb3 b6 8. Bxf6 Bxf6 9. Nxd5 0-0 10. Nxf6+ Qxf6 11. Nf3 Nd7 12. Bc4 c5 13. 0-0 Qg6 14. Nh4 Qg5 15. Nxf5 Qxf5 16. Bd3 Qe6 17. Qxe6 fxe6 18. Bc4 Rf6 19. Bb5 Nf8 20. dxc5 bxc5 21. Rac1 Rf5 22. Bd3 Re5 23. Rc2 Nd7 24. Bb5 Nf6 25. Rfc1 Ne4 26. Bd3 1-0

[Event "Bad Koenigshofen op"]
[Site "Bad Koenigshofen"]
[Date "2006.??.??"]
[Round "3"]
[White "Guenthner, Arthur"]
[Black "Lewandowski, Matthias"]
[Result "0-1"]
[WhiteElo "1650"]
[BlackElo "1685"]
[PlyCount "50"]
[EventDate "2006.08.04"]
[EventType "swiss"]
[EventRounds "9"]
[EventCountry "GER"]
[SourceTitle "EXT 2008"]
[Source "ChessBase"]
[SourceDate "2007.11.25"]
[SourceVersion "1"]
[SourceVersionDate "2007.11.25"]
[SourceQuality "1"]

1. d4 Nf6 2. c4 e6 3. Nc3 c5 4. d5 exd5 5. cxd5 d6 6. Nf3 Bg4 7. Bg5 Be7 8. e3 0-0 9. Be2 a6 10. 0-0 Nbd7 11. a3 Rc8 12. Rb1 b5 13. b4 cxb4 14. Na2 bxa3 15. Rb3 Nxd5 16. Bxe7 Qxe7 17. Rxa3 Nc7 18. Nb4 Nc5 19. Qd4 Qe4 20. Nc6 Qxc6 21. Qxg4 Qe4 22. Qg3 b4 23. Raa1 Rfd8 24. Rfd1 b3 25. Rab1 Nd5 0-1

[Event "GER-chT U12"]
[Site "Verden"]
[Date "2005.12.28"]
[Round "4.1"]
[White "Guenthner, Arthur"]
[Black "Petkidis, Anthony"]
[Result "0-1"]
[WhiteElo "1378"]
[BlackElo "1615"]
[PlyCount "90"]
[EventDate "2005.12.27"]
[EventType "team-swiss"]
[EventRounds "7"]
[EventCountry "GER"]
[SourceTitle "CBM 110 Extra"]
[Source "ChessBase"]
[SourceDate "2006.03.10"]
[SourceVersion "2"]
[SourceVersionDate "2006.03.10"]
[SourceQuality "1"]

1. d4 Nf6 2. c4 c5 3. d5 e6 4. Nc3 exd5 5. Nxd5 Nxd5 6. Qxd5 d6 7. Nf3 Be7 8. e3 Nc6 9. Be2 Be6 10. Qd2 0-0 11. 0-0 Na5 12. b3 Bf6 13. Bb2 Bxb2 14. Qxb2 d5 15. Rfd1 Qb6 16. cxd5 Bf5 17. Rac1 Rfd8 18. Qe5 Bg6 19. d6 f6 20. Qxc5 Nc6 21. Qxb6 axb6 22. a4 Rd7 23. Rd2 Bf7 24. Bc4 Bxc4 25. bxc4 Rxa4 26. h3 Na5 27. c5 Nb3 28. c6 bxc6 29. Rxc6 Nxd2 30. Nxd2 Ra1+ 31. Kh2 Rd1 32. Ne4 f5 33. Rc8+ Kf7 34. Ng5+ Kg6 35. Nf3 R7xd6 36. Rb8 h6 37. Ne5+ Kh7 38. Nc4 Rc6 39. Nxb6 Rb1 40. Nd7 Rxb8 41. Nxb8 Rd6 42. Kg3 Kg6 43. Kf4 Kf6 44. f3 g5+ 45. Kg3 Ke7 0-1

[Event "GER-ch U10"]
[Site "Willingen"]
[Date "2005.05.17"]
[Round "6"]
[White "Guenthner, Arthur"]
[Black "Xu, Xianliang"]
[Result "0-1"]
[WhiteElo "1245"]
[BlackElo "1370"]
[PlyCount "76"]
[EventDate "2005.05.14"]
[EventType "swiss"]
[EventRounds "11"]
[EventCountry "GER"]
[SourceTitle "CBM 106 Extra"]
[Source "ChessBase"]
[SourceDate "2005.07.01"]
[SourceVersion "1"]
[SourceVersionDate "2005.07.01"]
[SourceQuality "1"]

1. e4 c5 2. Nf3 d6 3. d4 cxd4 4. Nxd4 Nf6 5. Nc3 g6 6. Bg5 Bg7 7. Qd2 0-0 8. 0-0-0 Nc6 9. Nxc6 bxc6 10. e5 Nd5 11. Nxd5 cxd5 12. exd6 Qxd6 13. Qxd5 Rb8 14. c3 Qb6 15. Qb3 Qc7 16. Qc4 Qb7 17. Qb4 Bf5 18. Qxb7 Rxb7 19. Bd3 Be6 20. Rhe1 h6 21. Be4 Rc7 22. Bf4 Rc4 23. g3 g5 24. Bd2 Rd8 25. Bc2 Bg4 26. Bb3 Rc7 27. Bf4 Rxd1+ 28. Rxd1 gxf4 29. Rd8+ Bf8 30. Rd4 e5 31. Re4 Bd6 32. gxf4 exf4 33. Rd4 Rd7 34. c4 Kf8 35. f3 Be6 36. c5 Bxc5 37. Rxf4 Bxb3 38. axb3 Be3+ 0-1

[Event "Stuttgart-chB int"]
[Site "Ditzingen"]
[Date "2005.05.06"]
[Round "4"]
[White "Sigmund, Wolfgang"]
[Black "Guenthner, Arthur"]
[Result "1/2-1/2"]
[WhiteElo "1497"]
[BlackElo "1193"]
[PlyCount "40"]
[EventDate "2005.05.05"]
[EventType "swiss"]
[EventRounds "7"]
[EventCountry "GER"]
[SourceTitle "EXT 2018"]
[Source "ChessBase"]
[SourceDate "2017.10.13"]
[SourceVersion "1"]
[SourceVersionDate "2017.10.13"]
[SourceQuality "1"]

1. d4 d5 2. c4 e6 3. Nc3 Nf6 4. Bg5 c5 5. e3 dxc4 6. Bxc4 b6 7. Nf3 Bb7 8. 0-0 Be7 9. Bb5+ Nbd7 10. dxc5 Rc8 11. c6 Bxc6 12. Bxc6 Rxc6 13. Qa4 Qc8 14. Rfd1 0-0 15. Qxa7 Rc7 16. Qa4 Nc5 17. Qb5 Qb7 18. Bf4 Rc6 19. Nd4 Rcc8 20. Nf3 Rc6 1/2-1/2